Statistieken voor Landen die grenzen aan Libië

Klik hier om de quiz te nemen!

Algemene statistieken

  • Deze quiz is 23 keer genomen
  • De gemiddelde score is 6 van 6

Antwoordstatistieken

LengteLand% Correct
982 kmAlgerije
100%
1115 kmEgypte
100%
459 kmTunesië
95%
383 kmSoedan
90%
1055 kmTsjaad
90%
354 kmNiger
80%

Scoreverdeling

Percentiel versus Aantal Correcte Antwoorden

Procent van Mensen met Elke Score

Uw Scoregeschiedenis

U heeft deze quiz nog niet genomen